000 00477nam a2200181Ia 4500
001 9597
005 20260306161730.0
008 260306t2019||||xx |||||||||||||| ||spa||
041 _aESP
082 _a382.6
_bA49G
100 _aAlvarez Isla, Mercedes
_eAUT
245 0 _aGuía de documentos utilizados en las operaciones de exportación e importación
260 _c2019
300 _a46 páginas :
_c24 cm.
650 _aGEN
654 _aCAN
942 _cLIB
_dJUS
_fJUS
_2ddc
_n
999 _c9597
_d9597